| 000 | 02469cam a22005054i 4500 | ||
|---|---|---|---|
| 003 | PE-LiUPU | ||
| 005 | 20250731165617.0 | ||
| 008 | 150616s r 000 0 d | ||
| 020 | _a8425316812 | ||
| 035 | _a(Sirsi) i9788425316814 | ||
| 040 |
_aPE-LiUPU _bspa _cPE-LiUPU _erda |
||
| 049 | _aPRUA | ||
| 082 | 0 | 4 |
_a109 _bD99 _221 |
| 245 | 0 | 0 |
_aHistoria de la filosofía. _n2,De la revolución burguesa de Francia de 1789 al nacimiento del marxismo. |
| 264 | 1 |
_aMéxico : _bGrijalbo, _c1963. |
|
| 300 |
_a577 páginas ; _c22 centímetros |
||
| 336 |
_atext _2rdacontent |
||
| 337 |
_aunmediated _2rdamedia |
||
| 338 |
_avolume _2rdacarrier |
||
| 504 | _aIncluye bibliografía. | ||
| 505 | 0 | _aEl pensamiento filosófico en Alemania durante el período de desintegración del régimen feudal y de tránsito al capitalismo -- Desarrollo de las ideas filosóficas en Alemania en vísperas de la revolución burguesa de 1848 -- El pensamiento filosófico y sociológico en Inglaterra y Francia durante el período de fortalecimiento del capitalismo -- Desarrollo de la filosofía en Rusia durante el período de crisis del régimen de servidumbre y de paso al capitalismo -- El pensamiento filosófico y sociológico avanzados de los pueblos de la U.R.S.S. durante el período de desintegración del feudalismo y de transición al capitalismo -- La filosofía y la sociología avanzadas en los países de Europa oriental durante el período de desintegración del feudalismo -- Y otros. | |
| 526 | _aSEG44 | ||
| 526 | _aSEG26 | ||
| 526 | _aP151 | ||
| 526 | _aP150 | ||
| 526 | _aP149 | ||
| 526 | _aP146 | ||
| 526 | _aP145 | ||
| 526 | _aP126 | ||
| 526 | _aP125 | ||
| 526 | _aP92 | ||
| 526 | _aP75 | ||
| 526 | _aP74 | ||
| 526 | _aP27 | ||
| 526 | _aP15 | ||
| 650 | 0 | 4 |
_aFilosofía _xHistoria. |
| 700 | 1 |
_aSánchez Vásquez, Adolfo, _etraductor. |
|
| 910 |
_ajck _bjvq _cjck |
||
| 942 |
_2ddc _cBOOK |
||
| 949 |
_aRC 109 D99 2 _wDEWEY _c1 _i23834 _lCCODEBUL1 _mBUL _r0 _sY _tBOOK _u2015-6-16 _xEDUCACION _PP20 _0COMPRA _o.CIRCNOTE. No olvidar cambiar la fecha de devolución!!!!!!! _o.STAFF. Colección General |
||
| 994 |
_aC0 _bPEPRU |
||
| 596 | _a1 | ||
| 999 |
_aRC 109 D99 2 _wDEWEY _c56522 _i23834 _f2021-11-8 _g4 _lRCG _mBUL _r1 _sY _tBOOK _u2015-6-16 _xBIBLIOTECA _PP20 _0COMPRA _o.CIRCNOTE. No olvidar cambiar la fecha de devolución!!!!!!! _o.STAFF. Colección General _d56522 |
||
| 980 |
_81 _gALBERTO SANCHEZ Responsable de Automatización |
||